000 00336nam a2200145Ia 4500
003 GCL
008 140319s9999 xx 000 0 eng d
040 _aGCL /
_cGCL
082 0 4 _aCC
_b305
_bCC
100 1 _aCEDEJ
245 1 0 _aCOLLECTION DE CEDEJ /
_cCEDEJ
260 _a[S.N] :
_bC E D A E
650 0 4 _aCOLLECTIONS
942 _2ddc
_cBK
999 _c18243
_d18243